| Tag |
First Indicator |
Second Indicator |
Subfields |
| LEADER |
00000cam a2200000 i 4500 |
| 001 |
in00000315708 |
| 005 |
20151011051415.0 |
| 008 |
780922s1977 waua 00010 eng |
| 010 |
|
|
|a 77078951
|
| 035 |
|
|
|a (OCoLC)04499785
|
| 035 |
|
|
|9 ABK8542AM
|
| 040 |
|
|
|a DLC
|c DLC
|d TXA
|d UtOrBLW
|
| 049 |
|
|
|a TXAM
|c [1541786]
|
| 050 |
0 |
0 |
|a TL686.B65
|b B59 1977
|
| 082 |
0 |
|
|a 629.133/34
|
| 110 |
2 |
|
|a Boeing Company.
|
| 245 |
1 |
0 |
|a Pedigree of champions :
|b Boeing since 1916.
|
| 250 |
|
|
|a 4th ed.
|
| 264 |
|
1 |
|a [Seattle] :
|b Boeing Co.,
|c 1977.
|
| 300 |
|
|
|a 79 pages :
|b illustrations (some color) ;
|c 29 cm.
|
| 336 |
|
|
|a text
|b txt
|2 rdacontent
|
| 337 |
|
|
|a unmediated
|b n
|2 rdamedia
|
| 338 |
|
|
|a volume
|b nc
|2 rdacarrier
|
| 536 |
|
|
|a Gift of Ben Allen Jr. '56.
|
| 650 |
|
0 |
|a Boeing airplanes.
|
| 999 |
|
|
|a MARS
|
| 999 |
f |
f |
|s a9c0329f-b2bc-34f5-844a-86506731aec0
|i 69e3d08a-662e-3539-a483-5938c2e0b257
|t 0
|
| 952 |
f |
f |
|p ric
|a Texas A&M University
|b Rellis Campus
|c Joint Library Facility
|s JLF
|d Remote Storage
|t 0
|e TL686.B65 B59 1977
|h Library of Congress classification
|i unmediated -- volume
|m A14805548733
|
| 998 |
f |
f |
|a TL686.B65 B59 1977
|t 0
|l Remote Storage
|